Riconosci il Pokémon - Quiz n°442 - Statistics

Statistiche generali
  • Questo quiz è stato fatto 0 volte
  • Il punteggio medio è 0 su 10
Statistiche sulle risposte
Indizio Risposta % Corretto
Altezza 0,6 m
0%
Sesso 100% ♀
0%
Tasso di cattura 130 (26.5%)
0%
Peso 24,4 kg
0%
Abilità Alternacura; Leggiadro; Amicoscuro
0%
Stadio evoluzione Forma Baby
0%
Pokémon Happiny
0%
Tipo Normale
0%
Generazione Quarta
0%
Tasso di allevamento Veloce
0%
Nessun quiz corrispondente trovato
Distribuzione punteggi
Percentuale di utenti per punteggio
Percentile per numero di risposta
I tuoi punteggi nel tempo
Non hai fatto questo quiz